000 00716nam a2200193 i 4500
001 141703
003 ES-MaACL
005 20230906200341.0
007 t|
008 070927s1906 sp |||| | spa d
080 _a364.46(460.27)(036)
100 1 _aVincenti, Eduardo.
_9115314
245 1 3 _aLa caridad en Madrid
_b: guía de los establecimientos benéficos oficiales y privados /
_crecopilación que para conocimiento general de todas las clases sociales publica Eduardo Vincenti.
260 _aMadrid :
_b[s.n.],
_c1906 (
_fImp. de los Hijos de M.G. Fernández)
300 _a121 p., 2 h. ;
_c23 cm.
650 1 4 _aBeneficencia-
_zMadrid.
_9150492
852 _aES-MaACL
_jE-13094
852 _aES-MaACL
_jB-1674
999 _c141703
_d141703